000 00575nam a22002177a 4500
003 UA-OsUOA
001 46401
007 ta
008 20070614b un ||||| |||| 00| 0 ukr d
100 _aВарналій В.
090 _a330
_bВ-12
942 _cSA
040 _aUA-OsUOA
_bukr
_cUA-OsUOA
_dUA-OsUOA
245 _aШляхи детінізації економіки України та її особливості
300 _aС.56-67
955 _a0
041 _aukr
080 _a330
773 0 _w46387
650 7 _a330 Економіка взагалі
_2UDC
999 _c332496
_d332496